[Event "Kiev Independence Cup-A 6th"]
[Site "Kiev"]
[Date "2006.08.22"]
[Round "10"]
[White "Kruppa, Yuri"]
[Black "Kislinsky, Alexey"]
[Result "1/2-1/2"]
[WhiteElo "2540"]
[BlackElo "2454"]
[PlyCount "136"]
[EventDate "2006.08.13"]
[EventType "swiss"]
[EventRounds "11"]
[EventCountry "UKR"]
[SourceTitle "CBM 113 Extra"]
[Source "ChessBase"]
[SourceDate "2006.09.14"]
[SourceVersion "1"]
[SourceVersionDate "2006.09.14"]
[SourceQuality "1"]

1. d4 Nf6 2. c4 d6 3. Nc3 Bf5 4. g3 c6 5. Bg2 e5 6. e4 Bg4 7. Nge2 Be7 8. Be3 h5 9. h3 Bxe2 10. Qxe2 h4 11. 0-0-0 Qa5 12. Kb1 Na6 13. g4 Nc7 14. f4 Ne6 15. fxe5 dxe5 16. d5 Nc5 17. g5 Nfd7 18. g6 f6 19. Bf3 0-0-0 20. Bg4 Kb8 21. a3 Nb6 22. b4 Qxa3 23. Bxc5 Bxc5 24. bxc5 Qxc5 25. Na2 Nxc4 26. Rc1 cxd5 27. exd5 Na3+ 28. Kb2 Qb6+ 29. Kxa3 Rxd5 30. Nb4 Ra5+ 31. Kb3 Rb5 32. Rc4 a5 33. Qe4 f5 34. Bxf5 Rd8 35. Ka2 axb4 36. Kb1 Qf2 37. Rc2 Rd2 38. Rhc1 b3 39. Rxd2 Qxd2 40. Qa4 Ra5 41. Qxb3 Qf4 42. Bd3 e4 43. Bc4 Qf6 44. Qc3 Qb6+ 45. Bb3 Rb5 46. Kb2 e3 47. Rc2 Qxg6 48. Qxe3 Qf6+ 49. Qc3 Rc5 50. Qxf6 Rxc2+ 51. Kxc2 gxf6 52. Kd3 Kc7 53. Ke4 Kd6 54. Kf5 Ke7 55. Kg6 b5 56. Kf5 Kf8 57. Kg6 f5 58. Kxf5 Kg7 59. Kg5 Kh8 60. Kxh4 b4 61. Kg5 Kh7 62. h4 Kh8 63. h5 Kg7 64. h6+ Kh8 65. Kh5 Kh7 66. Bc2+ Kh8 67. Kg6 b3 68. Bb1 b2 1/2-1/2

[Event "Kiev Independence Cup-A 6th"]
[Site "Kiev"]
[Date "2006.08.21"]
[Round "9"]
[White "Pavlov, Sergey1111"]
[Black "Kruppa, Yuri"]
[Result "1/2-1/2"]
[WhiteElo "2415"]
[BlackElo "2540"]
[PlyCount "35"]
[EventDate "2006.08.13"]
[EventType "swiss"]
[EventRounds "11"]
[EventCountry "UKR"]
[SourceTitle "CBM 113 Extra"]
[Source "ChessBase"]
[SourceDate "2006.09.14"]
[SourceVersion "1"]
[SourceVersionDate "2006.09.14"]
[SourceQuality "1"]

1. e4 e6 2. d4 d5 3. Nd2 c5 4. exd5 Qxd5 5. Ngf3 cxd4 6. Bc4 Qd6 7. Qe2 Nf6 8. Nb3 Nc6 9. Bg5 a6 10. 0-0-0 b5 11. Bd3 Bd7 12. Be4 Nxe4 13. Qxe4 Rc8 14. Nfxd4 Qe5 15. Qxe5 Nxe5 16. Rhe1 Nc4 17. Nd2 f6 18. Bh4 1/2-1/2

[Event "Kiev Independence Cup-A 6th"]
[Site "Kiev"]
[Date "2006.08.18"]
[Round "6"]
[White "Kruppa, Yuri"]
[Black "Dolzhikova, Kateryna"]
[Result "1/2-1/2"]
[WhiteElo "2540"]
[BlackElo "2276"]
[PlyCount "134"]
[EventDate "2006.08.13"]
[EventType "swiss"]
[EventRounds "11"]
[EventCountry "UKR"]
[SourceTitle "CBM 113 Extra"]
[Source "ChessBase"]
[SourceDate "2006.09.14"]
[SourceVersion "1"]
[SourceVersionDate "2006.09.14"]
[SourceQuality "1"]

1. d4 Nf6 2. c4 c5 3. d5 b5 4. cxb5 a6 5. bxa6 g6 6. Nc3 Bxa6 7. Nf3 d6 8. g3 Bg7 9. Bg2 Nbd7 10. Rb1 Nb6 11. b3 Bc8 12. Nh4 h6 13. Qc2 Qd7 14. Bb2 g5 15. Nf3 Qf5 16. e4 Qg6 17. 0-0 0-0 18. a3 Ng4 19. h3 Ne5 20. Nxe5 Bxe5 21. f4 gxf4 22. gxf4 Bd4+ 23. Kh1 Kh7 24. f5 Qf6 25. e5 dxe5 26. Ne4 Qh4 27. f6 Kh8 28. Bxd4 Bxh3 29. Bxe5 Bxg2+ 30. Kxg2 Rg8+ 31. Ng3 Nxd5 32. Qd3 e6 33. Rh1 Nf4+ 34. Bxf4 Qxf4 35. Rxh6+ Qxh6 36. Rh1 Qxh1+ 37. Kxh1 Rxa3 38. Ne4 Ra1+ 39. Kh2 Ra2+ 40. Kh3 Rg6 41. Qd8+ Rg8 42. Qe7 Ra1 43. Nf2 Rag1 44. Qxf7 R8g3+ 45. Kh4 Rg6 46. Qe8+ Kh7 47. Qd7+ Kh8 48. Qc8+ Kh7 49. Qb7+ Kh8 50. Qa8+ Kh7 51. Qe4 Kh8 52. Qe3 e5 53. Nh3 R1g2 54. Kh5 R6g3 55. f7 Kg7 56. Qxe5+ Kxf7 57. Qf5+ Ke8 58. Kh6 Kd8 59. Qd5+ Ke8 60. Qh5+ Rg6+ 61. Qxg6+ Rxg6+ 62. Kxg6 Kd7 63. Ng5 Kc6 64. Ne4 Kb5 65. Kf5 Kb4 66. Nd2 Kc3 67. Ke4 Kxd2 1/2-1/2

[Event "Kiev Independence Cup-A 6th"]
[Site "Kiev"]
[Date "2006.08.16"]
[Round "4"]
[White "Kruppa, Yuri"]
[Black "Vovk, Orest"]
[Result "1-0"]
[WhiteElo "2540"]
[BlackElo "2296"]
[PlyCount "139"]
[EventDate "2006.08.13"]
[EventType "swiss"]
[EventRounds "11"]
[EventCountry "UKR"]
[SourceTitle "CBM 113 Extra"]
[Source "ChessBase"]
[SourceDate "2006.09.14"]
[SourceVersion "1"]
[SourceVersionDate "2006.09.14"]
[SourceQuality "1"]

1. d4 Nf6 2. c4 g6 3. Nc3 Bg7 4. e4 d6 5. Nf3 0-0 6. Be2 e5 7. Be3 Ng4 8. Bg5 f6 9. Bc1 Na6 10. 0-0 c6 11. h3 Nh6 12. Rb1 Nf7 13. dxe5 dxe5 14. b4 Qxd1 15. Rxd1 Rd8 16. Rxd8+ Nxd8 17. Be3 Bf8 18. c5 Nc7 19. Nd2 a5 20. b5 Nde6 21. bxc6 bxc6 22. Rb6 Nd4 23. Bxd4 exd4 24. Na4 Ba6 25. Bc4+ Bxc4 26. Nxc4 Na6 27. Rxc6 d3 28. Kf1 Nb4 29. Rxf6 Rd8 30. Nd6 Nxa2 31. Ke1 Bg7 32. Re6 Nc3 33. Nb6 Bh6 34. Nbc4 Rb8 35. f4 Bxf4 36. c6 Nb5 37. e5 d2+ 38. Nxd2 Bxe5 39. Rxe5 Nxd6 40. Rxa5 Rc8 41. Rc5 Kf7 42. Nf3 Nf5 43. g4 Ng7 44. Rb5 Ne6 45. Kf2 h6 46. Ne5+ Kf6 47. Ke3 Nd8 48. Rc5 Ne6 49. Ra5 Nd8 50. Ke4 h5 51. Kd5 hxg4 52. hxg4 Kg5 53. Ra4 Kf6 54. Rf4+ Kg5 55. Rc4 Kf6 56. Rc1 g5 57. Kd6 Ne6 58. c7 Nxc7 59. Rf1+ Kg7 60. Rf7+ Kh6 61. Rxc7 Re8 62. Re7 Rd8+ 63. Rd7 Re8 64. Kd5 Rg8 65. Ke6 Re8+ 66. Re7 Rf8 67. Rf7 Re8+ 68. Kf5 Re7 69. Rf6+ Kh7 70. Nf3 1-0

[Event "Kiev Independence Cup-A 6th"]
[Site "Kiev"]
[Date "2006.08.15"]
[Round "3"]
[White "Zhesterev, Anatoliy"]
[Black "Kruppa, Yuri"]
[Result "0-1"]
[WhiteElo "2251"]
[BlackElo "2540"]
[PlyCount "60"]
[EventDate "2006.08.13"]
[EventType "swiss"]
[EventRounds "11"]
[EventCountry "UKR"]
[SourceTitle "CBM 113 Extra"]
[Source "ChessBase"]
[SourceDate "2006.09.14"]
[SourceVersion "1"]
[SourceVersionDate "2006.09.14"]
[SourceQuality "1"]

1. d4 Nf6 2. Nf3 d6 3. Bf4 Nbd7 4. h3 c5 5. e3 Qb6 6. Qc1 cxd4 7. exd4 e5 8. dxe5 dxe5 9. Be3 Bc5 10. Nc3 e4 11. Ng5 0-0 12. Bxc5 Nxc5 13. Bc4 h6 14. Nxf7 Rxf7 15. Bxf7+ Kxf7 16. 0-0 Be6 17. a3 Rc8 18. Rb1 a5 19. Qf4 Bc4 20. Rfd1 Ne6 21. Qe3 Qc6 22. Rd2 b5 23. Re1 Nc5 24. Red1 b4 25. axb4 axb4 26. Rd6 Qb7 27. Qd4 Ne6 28. Qe5 bxc3 29. b3 Rc5 30. Qxc3 Be2 0-1

[Event "Kiev Independence Cup-A 6th"]
[Site "Kiev"]
[Date "2006.08.14"]
[Round "2"]
[White "Kruppa, Yuri"]
[Black "Goncharov, Oleh"]
[Result "1/2-1/2"]
[WhiteElo "2540"]
[BlackElo "2193"]
[PlyCount "88"]
[EventDate "2006.08.13"]
[EventType "swiss"]
[EventRounds "11"]
[EventCountry "UKR"]
[SourceTitle "CBM 113 Extra"]
[Source "ChessBase"]
[SourceDate "2006.09.14"]
[SourceVersion "1"]
[SourceVersionDate "2006.09.14"]
[SourceQuality "1"]

1. d4 Nf6 2. c4 g6 3. Nc3 Bg7 4. e4 d6 5. Nf3 0-0 6. Be2 e5 7. Be3 exd4 8. Nxd4 Re8 9. f3 c6 10. Bf2 d5 11. exd5 cxd5 12. 0-0 Nc6 13. c5 Nh5 14. Qd2 Be5 15. g3 Ng7 16. Rfd1 Be6 17. Ncb5 Nf5 18. Nxf5 Bxf5 19. Bf1 a6 20. Nd4 Qf6 21. Rac1 Rad8 22. b4 Bc8 23. f4 Bxd4 24. Bxd4 Qf5 25. Qb2 Nxd4 26. Rxd4 Qg4 27. Qg2 Bd7 28. Rcd1 Bc6 29. Qf2 Rd7 30. Bg2 Rde7 31. h3 Qf5 32. g4 Qf6 33. Bf3 Re1+ 34. Rxe1 Rxe1+ 35. Kg2 Rc1 36. Bxd5 Rc2 37. Qxc2 Qxd4 38. Bxc6 bxc6 39. a3 Qxf4 40. Qe2 Kg7 41. Qxa6 Qe4+ 42. Kf2 Qf4+ 43. Kg2 Qe4+ 44. Kf2 Qf4+ 1/2-1/2